Macroeconomic performance and inequality: Brazil, 1983-94 /
Se examina cómo un pobre desempeño macroeconómico, principalmente en términos de altos índices de inflación, afectó la desigualdad en los ingresos en la década de 1980 y principios de la 1990 en Brasil. Los resultados muestran que la inflación extrema, combinada con un proceso imperfecto de adaptaci...
Збережено в:
| Автор: | |
|---|---|
| Формат: | Текст |
| Предмети: | |
| Теги: |
Додати тег
Немає тегів, Будьте першим, хто поставить тег для цього запису!
|
MARC
| LEADER | 00000 a a2200000 04500 | ||
|---|---|---|---|
| 001 | 18620 | ||
| 003 | |||
| 040 | |||
| 100 | |a Bittencourt, Manoel | ||
| 245 | |a Macroeconomic performance and inequality: |b Brazil, 1983-94 / |c Manoel Bittencourt | ||
| 520 | |a Se examina cómo un pobre desempeño macroeconómico, principalmente en términos de altos índices de inflación, afectó la desigualdad en los ingresos en la década de 1980 y principios de la 1990 en Brasil. Los resultados muestran que la inflación extrema, combinada con un proceso imperfecto de adaptación financiera y una cobertura de indexación incompleta, tuvo un impacto regresivo y significativo en la desigualdad. Políticas macroeconómicas que mantengan la inflación baja y estable a largo plazo deben ser un primer paso necesario en cualquier paquete de políticas implementado para aliviar la desigualdad en Brasil | ||
| 650 | |a DESIGUALDAD ECONOMICA | ||
| 650 | |a INFLACION | ||
| 650 | |a INDEXACION | ||
| 650 | |a MACROECONOMIA | ||
| 650 | |a DESEMPLEO | ||
| 650 | |a POBREZA | ||
| 650 | |a POLITICA ECONOMICA | ||
| 650 | |a METODOS DE INVESTIGACION | ||
| 650 | |a BRASIL | ||
| 650 | |2 Macrothesaurus de la OCDE | ||
| 650 | |a INDICADORES ECONOMICOS | ||
| 650 | |a INDICES DE PRECIOS | ||
| 650 | |a INFLACION | ||
| 650 | |a DESIGUALDAD ECONOMICA | ||
| 773 | |g volumen 47, número 1; páginas 30-52 | ||
| 999 | |c 26853 |d 26853 | ||
